| 000 | 02499cam a22004574i 4500 | ||
|---|---|---|---|
| 003 | PE-LiUPU | ||
| 005 | 20250731175627.0 | ||
| 008 | 190311s2018 gw rb 001 0 eng d | ||
| 020 | _a9004380841 | ||
| 020 | _a9789004380844 | ||
| 035 | _a(Sirsi) a251930 | ||
| 040 |
_aPE-LiUPU _bspa _cPE-LiUPU _erda |
||
| 049 | _aPRUA | ||
| 082 | 0 | 4 |
_a492.4 _bB5 _223 |
| 245 | 0 | 0 |
_aBiblical Hebrew in context : _bessays in Semitics and Old Testament texts in honour of Professor Jan P. Lettinga / _ceditor Koert van Bekkum, [y otros dos]. |
| 264 | 1 |
_aLeiden : _bBrill, _c2018. |
|
| 300 |
_axiv, 199 páginas ; _c31 centímetros. |
||
| 336 |
_atext _2rdacontent |
||
| 337 |
_aunmediated _2rdamedia |
||
| 338 |
_avolume _2rdacarrier |
||
| 490 | 0 |
_aOudtestamentische Studiën _aOld Testament studies ; _v74 |
|
| 504 | _aBibliografía: páginas 177-179. | ||
| 504 | _aÍndice: páginas 180-199. | ||
| 505 | 0 | _aLeiden Semitist in Kampen: Honouring Professor Jan P. Lettinga -- Hebrew pelilim and Old Assyrian palalum -- Keilalphabetische Briefe aus Ugarit Deutsche Ubertragung von KTU3 -- Remarks on the Verbal Rection in Biblical Aramaic -- A Dutch Grammar of Biblical Hebrew: J.P. Lettinga's Grammatica van het Bijbels Hebreeuws and Its Revisions -- A Paradigm Shift: Reflections on Teaching Hebrew in the Theology Curriculum -- The 'Language of Canaan': Ancient Israel's History and the Origins of Hebrew -- Forgiveness of Sin for the Price of a New-born's Life? 2 Samuel 12:13-15 Reconsidered -- Stilling or Stirring up the Sea? The Translation of Isaiah 51:15 -- But Fear not, O Jacob my Servant!' Place and Function of the Salvation Oracle Jeremiah 46:27-28 MT -- Hosea 4:16-19: A Century of Work on an Obscure Text -- Living Linguistic Legacy. The 'Sons of God' in the Non-Biblical Texts in the Dead Sea Scrolls. | |
| 526 | _aP145 | ||
| 526 | _aP127 | ||
| 526 | _aP97 | ||
| 526 | _aP35 | ||
| 526 | _aP14 | ||
| 526 | _aP07 | ||
| 650 | 0 | 4 |
_aBibbia _pA.T. _xInterpretazione. |
| 650 | 0 | 4 | _aLingue semitiche. |
| 650 | 0 | 4 |
_aLingua ebraica _xGrammatica. |
| 700 | 1 |
_aBekkum, Koert van, _eeditor. |
|
| 910 |
_aadm _bksl _cksl _d20190311 |
||
| 942 |
_2ddc _cBOOK |
||
| 994 |
_aC0 _bPEPRU |
||
| 596 | _a1 | ||
| 999 |
_a492.4 B5 _wDEWEY _c31192 _i80021 _f2021-11-11 _g3 _lCCODEBUL1 _mBUL _p113.02 _r0 _sY _tBOOK _u2019-3-11 _xTEOLOGIA _PP35 _0COMPRA _o.STAFF. Colección Teología _d31192 |
||
| 980 |
_81 _gALBERTO SANCHEZ Responsable de Automatización |
||